000 00610nam a2200229 i 4500
001 14843
003 ES-MaACL
005 20230906150917.0
007 t|
008 990622s1999 sp ||||1| spa d
020 _a84-8374-095-8
080 _a821.134.2-16"19"
100 1 _aOrtega, Salomé.
_987429
245 1 3 _aLa sabia insinuación de las cosas /
_cSalomé Ortega.
250 _a1ª ed.
260 _aMadrid :
_bHuerga & Fierro,
_c1999.
300 _a91 p. ;
_c22 cm.
490 1 _aNarrativa ;
_v177
830 0 _aNarrativa ;
_v177
_9177839
852 _aES-MaACL
_jL-22050
999 _c14843
_d14843